Greatest Films- by picture - Statistics

General Stats
  • This quiz has been taken 50 times
  • The average score is 36 of 100
Answer Stats
Picture Answer % Correct
Casablanca (1942)
86%
Lawrence of Arabia (1962)
86%
Star Wars (1977)
86%
Schindler's List (1993)
82%
Psycho (1960)
79%
Rocky (1976)
79%
Taxi Driver (1976)
79%
The Godfather (1972)
79%
2001: A Space Odyssey (1968)
75%
Lord of the Rings: Fellowship of the Ring (2001)
75%
E.T.: The Extra-Terrestrial (1982)
71%
Forrest Gump (1994)
71%
Goodfellas (1990)
68%
Raging Bull (1980)
68%
Toy Story (1995)
68%
Gone with the Wind (1939)
64%
One Flew Over the Cuckoo's Nest (1975)
64%
The Shawshank Redemption (1994)
61%
Tootsie (1982)
61%
Jaws (1975)
57%
M*A*S*H (1970)
57%
Raiders of the Lost Ark (1981)
57%
The Godfather Part II (1974)
57%
The Sound of Music (1965)
57%
The Wizard of Oz (1939)
57%
Titanic (1997)
57%
Annie Hall (1977)
54%
It's a Wonderful Life (1946)
54%
A Clockwork Orange (1971)
50%
Bonnie and Clyde (1967)
50%
Singin' in the Rain (1952)
50%
Some Like it Hot (1959)
50%
Spartacus (1960)
50%
The Graduate (1967)
50%
Apocalypse Now (1979)
46%
12 Angry Men (1957)
43%
Citizen Kane (1941)
43%
The Sixth Sense (1999)
43%
North by Northwest (1959)
39%
Platoon (1986)
39%
Rear Window (1954)
39%
Saving Private Ryan (1998)
39%
The Maltese Falcon (1941)
39%
On the Waterfront (1954)
36%
The Bridge on the River Kwai (1957)
36%
The Silence of the Lambs (1991)
36%
A Streetcar Named Desire (1951)
32%
High Noon (1952)
32%
Pulp Fiction (1994)
32%
Snow White and the Seven Dwarfs (1937)
32%
Vertigo (1958)
32%
All About Eve (1950)
29%
Blade Runner (1982)
29%
Midnight Cowboy (1969)
29%
The African Queen (1951)
29%
West Side Story (1961)
29%
Ben-Hur (1959)
25%
Cabaret (1972)
25%
Dr. Strangelove or: How I Learned to Stop Worrying and Love the Bomb (1964)
25%
Duck Soup (1933)
25%
Modern Times (1936)
25%
Mr. Smith Goes to Washington (1939)
25%
Sunset Blvd. (1950)
25%
The Deer Hunter (1978)
25%
To Kill a Mockingbird (1962)
25%
Unforgiven (1992)
25%
City Lights (1931)
21%
The General (1926)
21%
The Grapes of Wrath (1940)
21%
The Searchers (1956)
21%
Bringing Up Baby (1938)
18%
It Happened One Night (1934)
18%
The French Connection (1971)
18%
The Last Picture Show (1971)
18%
American Graffiti (1973)
14%
Double Indemnity (1944)
14%
Easy Rider (1969)
14%
Shane (1953)
14%
The Apartment (1960)
14%
The Gold Rush (1925)
14%
Who's Afraid of Virginia Woolf? (1966)
14%
All the President's Men (1976)
11%
Butch Cassidy and the Sundance Kid (1969)
11%
Chinatown (1974)
11%
King Kong (1933)
11%
Network (1976)
11%
Sophie's Choice (1982)
11%
The Philadelphia Story (1940)
11%
Yankee Doodle Dandy (1942)
11%
A Night at the Opera (1935)
7%
Sunrise: A Song of Two Humans (1927)
7%
The Treasure of the Sierra Madre (1948)
7%
The Wild Bunch (1969)
7%
Do the Right Thing (1989)
4%
Intolerance (1916)
4%
Nashville (1975)
4%
Sullivan's Travels (1941)
4%
The Best Years of Our Lives (1946)
4%
In the Heat of the Night (1967)
0%
Swing Time (1936)
0%
No matching quizzes found
Score Distribution
Percent of People with Each Score
Percentile by Number Answered
Your Score History
You have not taken this quiz